00864 a2200181 45000010006000000050017000060080041000230030015000640400040000790800162001192450028002812640035003093000019003445050188003630410008005511000028005598560095005873759920260407155643.0260407a1976 arg spa dAR-UNSa-BCEJYS aAR-UNSa-BCEJYSbspacAR-UNSa-BCEJYS a51-7xEstudios y métodos matemáticos en otros campos del conocimiento. Matemáticas científicas. Matemáticas actuariales (Matemáticas Financieras)10aMatemática financiera 1aBuenos Aires :bKapeluszc1976 a247 p.c23 cm. a1. Revisión - 2. Capitalización - 3. Actualización - 4. Imposiciones a interés compuesto - 5. Amortizaciones e interés compuesto - 6. Rentas - 7. Sistemas de amortización  aspa1 aDi Vincenzo, Osvaldo N.41uhttps://biblioeco.unsa.edu.ar/pmb/images/libros/L125679.jpgyImagen de portadaqimage/jpeg